<?xml version="1.0" encoding="UTF-8"?>
<record
    xmlns:xsi="http://www.w3.org/2001/XMLSchema-instance"
    xsi:schemaLocation="http://www.loc.gov/MARC21/slim http://www.loc.gov/standards/marcxml/schema/MARC21slim.xsd"
    xmlns="http://www.loc.gov/MARC21/slim">

  <leader>00881nam a2200229Ia 4500</leader>
  <datafield tag="999" ind1=" " ind2=" ">
    <subfield code="c">35986</subfield>
    <subfield code="d">35986</subfield>
  </datafield>
  <controlfield tag="001">1885</controlfield>
  <controlfield tag="003">GE_BSU</controlfield>
  <controlfield tag="005">20221007145720.0</controlfield>
  <controlfield tag="008">181216s2005ru  xx |||||||||||||| ||rus||</controlfield>
  <datafield tag="020" ind1=" " ind2=" ">
    <subfield code="a">579750801&#x425;</subfield>
  </datafield>
  <datafield tag="040" ind1=" " ind2=" ">
    <subfield code="c">GE_BSU</subfield>
  </datafield>
  <datafield tag="041" ind1=" " ind2=" ">
    <subfield code="a">rus</subfield>
  </datafield>
  <datafield tag="080" ind1=" " ind2=" ">
    <subfield code="a">342.4(470)(075.8) &#x412;-54</subfield>
  </datafield>
  <datafield tag="100" ind1=" " ind2=" ">
    <subfield code="a">&#x412;&#x438;&#x442;&#x440;&#x443;&#x43A;, &#x41D;.&#x412;.</subfield>
    <subfield code="9">15147</subfield>
  </datafield>
  <datafield tag="245" ind1=" " ind2=" ">
    <subfield code="a">&#x41A;&#x43E;&#x43D;&#x441;&#x442;&#x438;&#x442;&#x443;&#x446;&#x438;&#x43E;&#x43D;&#x43D;&#x43E;&#x435; &#x43F;&#x440;&#x430;&#x432;&#x43E;&#x441;&#x443;&#x434;&#x438;&#x435;.&#x421;&#x443;&#x434;&#x435;&#x431;&#x43D;&#x43E;-&#x41A;&#x43E;&#x43D;&#x441;&#x442;&#x438;&#x442;&#x443;&#x446;&#x438;&#x43E;&#x43D;&#x43D;&#x43E;&#x435;  &#x43F;&#x440;&#x430;&#x432;&#x43E; : &#x438; &#x43F;&#x440;&#x43E;&#x446;&#x435;&#x441;&#x441;</subfield>
    <subfield code="b">&#x423;&#x447;&#x435;&#x431;&#x43D;&#x43E;&#x435; &#x43F;&#x43E;&#x441;&#x43E;&#x431;&#x438;&#x435; &#x434;&#x43B;&#x44F; &#x441;&#x442;&#x443;&#x434;. &#x432;&#x443;&#x437;&#x43E;&#x432; /</subfield>
    <subfield code="c">&#x41D;.&#x412;. &#x412;&#x438;&#x442;&#x440;&#x443;&#x43A;.</subfield>
  </datafield>
  <datafield tag="250" ind1=" " ind2=" ">
    <subfield code="a">&#x418;&#x437;&#x434;. 2-&#x435; &#x43F;&#x435;&#x440;&#x435;&#x440;. &#x438;&#x434;&#x43E;&#x43F;</subfield>
  </datafield>
  <datafield tag="264" ind1=" " ind2=" ">
    <subfield code="a">&#x41C;&#x43E;&#x441;&#x43A;&#x432;&#x430; :</subfield>
    <subfield code="b">&#x42E;&#x440;&#x438;&#x441;&#x442;&#x44C;,</subfield>
    <subfield code="c">2006.</subfield>
  </datafield>
  <datafield tag="300" ind1=" " ind2=" ">
    <subfield code="a">527 &#x441;.:</subfield>
    <subfield code="b">21 &#x441;&#x43C;.</subfield>
  </datafield>
  <datafield tag="653" ind1=" " ind2=" ">
    <subfield code="a">&#x41A;&#x43E;&#x43D;&#x441;&#x442;&#x438;&#x442;&#x443;&#x446;&#x438;&#x43E;&#x43D;&#x43D;&#x43E;&#x435;  &#x43F;&#x440;&#x430;&#x432;&#x43E;&#x441;&#x443;&#x434;&#x438;&#x435;;</subfield>
  </datafield>
  <datafield tag="653" ind1=" " ind2=" ">
    <subfield code="a">&#x421;&#x443;&#x434;&#x435;&#x431;&#x43D;&#x43E;-&#x41A;&#x43E;&#x43D;&#x441;&#x442;&#x438;&#x442;&#x446;&#x438;&#x43E;&#x43D;&#x43D;&#x43E;&#x435; &#x43F;&#x440;&#x430;&#x432;&#x43E; &#x438;  &#x43F;&#x440;&#x43E;&#x446;&#x435;&#x441;;&#x441;.</subfield>
  </datafield>
  <datafield tag="942" ind1=" " ind2=" ">
    <subfield code="c">BK</subfield>
    <subfield code="2">udc</subfield>
  </datafield>
  <datafield tag="952" ind1=" " ind2=" ">
    <subfield code="0">0</subfield>
    <subfield code="1">0</subfield>
    <subfield code="2">udc</subfield>
    <subfield code="4">0</subfield>
    <subfield code="6">34244700758_&#x412;54</subfield>
    <subfield code="7">0</subfield>
    <subfield code="9">34712</subfield>
    <subfield code="a">CPL</subfield>
    <subfield code="b">CPL</subfield>
    <subfield code="c">GEN</subfield>
    <subfield code="d">2018-12-17</subfield>
    <subfield code="g">20.00</subfield>
    <subfield code="o">342.4(470)(075.8) &#x412;-54</subfield>
    <subfield code="p">3892</subfield>
    <subfield code="r">2018-12-17</subfield>
    <subfield code="t">3892</subfield>
    <subfield code="w">2018-12-17</subfield>
    <subfield code="y">BK</subfield>
    <subfield code="z">20.00</subfield>
  </datafield>
</record>
